Los últimos románticos

Gorde:
Xehetasun bibliografikoak
Egile nagusia: Baroja, Pío
Formatua: Liburua
Hizkuntza:Undetermined
Argitaratua: Madrid, España Caro Raggio [s.f.]
Gaiak:
Etiketak: Etiketa erantsi
Etiketarik gabe, Izan zaitez lehena erregistro honi etiketa jartzen!

MARC

LEADER 00000nam a2200000Ia 4500
008 170316s9999 xx 000 0 und d
040 |a cru BVZT 
090 |a 862 B-6u 
100 |a Baroja, Pío 
245 |a Los últimos románticos 
260 |a Madrid, España 
260 |b Caro Raggio 
260 |c [s.f.] 
300 |a 315 páginas 
650 |a LITERATURA ESPAÑOLA 
999 |c 9570  |d 9570 
942 |c 15 D  |h 862 B-6u  |2 z